Blitz: Name A... II Quiz Stats

 Plays Quiz Updated Dec 29, 2017

Also try: Blitz: Name A...
Challenge
Share
Tweet
Embed
Score 0/45 Timer 03:00
3 Plays Today
Name A/An... % Correct
South American CountryArgentina
97.1%
Ivy League SchoolHarvard
93.1%
Major Batman VillainBane
93%
'I'-Less ElementArgon
90%
FIFA World Cup WinnerUruguay
89.9%
Greek Olympian GodZeus
88.3%
12 Days of Christmas AnimalsPartridge
88%
Drink size at StarbucksShort
85.1%
Color of Joseph’s DreamcoatRed
84.6%
Number 1-10 in FrenchUn
84.3%
4-Letter CountryCuba
83.7%
Nordic CountryDenmark
81.6%
Wonka KidCharlie Bucket
81.2%
Big Four Team in ChicagoBears
79.9%
Original 13 ColonyVirginia
79.3%
American Idol WinnerClarkson
78.7%
Monopoly PieceCannon
76.5%
Part of Speech (8)Verb
75.5%
Yahtzee CategoryAces
69.5%
ContinentAfrica
65.4%
Cluedo WeaponRope
64.8%
One-Word Stephen King NovelBlaze
64.3%
Sporcle Game CategoryGeography
63.6%
Name A/An... % Correct
Tim Allen Christmas MovieThe Santa Clause
59.2%
Jumble of ‘NIKS’SINK
59.2%
Best Picture Winner (1990s)Titanic
59%
4-Letter Capital (World)Apia
56%
Spouse of Pamela AndersonTommy Lee
55.9%
Salesman on The Office (US)Jim
55.4%
AFI Top 10 Sci Fi movieAlien
53.2%
'Guinea' CountryGuinea
50.1%
Catholic SacramentBaptism
47.9%
Top Gun nicknameMaverick
43.2%
600 HR Club MemberHank Aaron
42.7%
Wife of Henry VIIIAnne Boleyn
39.1%
SI Base UnitAmpere
36.4%
Song off Pearl Jam’s ‘Ten’Once
34.7%
U.S. President that died July 4thJohn Adams
30.3%
Radiohead AlbumPablo Honey
28.7%
Alkali MetalCesium
25.9%
Son of JacobReuben
24.3%
Emmy (Comedy) 2+ WinnerTaxi
24.2%
Quark FlavorBottom
20.3%
Greek MuseCalliope
12%
Grammy Song of Year (2000s)Smooth
6.1%

You're not logged in!

Compare scores with friends on all Sporcle quizzes.
Join for Free
OR
Log In

You Might Also Like...

Show Comments

Extras

Top Quizzes Today


Score Distribution

Your Account Isn't Verified!

In order to create a playlist on Sporcle, you need to verify the email address you used during registration. Go to your Sporcle Settings to finish the process.

Report this User

Report this user for behavior that violates our Community Guidelines.

Details: